Obálka Náhled e-knihy:
PDF Epub
Pro půjčování e-knih musíte být přihlášeni.
Jak si půjčit online?

Hraničářův učeň. Kniha čtrnáctá, Souboj na Araluenu /

Další kniha fantasy série o hraničářském učni a jeho přátelích.

Uloženo v:
Série:Hraničářův učeň, část 14
Hlavní autor: Flanagan, John 1944-2026 (Autor)
Další autoři: Dejmková, Eva (Autor)
Médium: E-kniha
Jazyk:Czech
Vydáno: V Praze : Egmont, 2019
Vydání:První vydání
Edice:Fantasy (Egmont)
Témata:
Příbuzné jednotky:Z cyklu:: Hraničářův učeň
Tagy:
Žádné tagy
LEADER 02819nam a2200553 i 4500
001 311043
003 CZ PrSKC
005 20260601215658.0
007 ta
008 190506s2019 xr c 000 f cze
015 |a cnb003096610 
020 |a 9788025245934  |q (vázáno) :  |c Kč 349,00 
035 |a (OCoLC)1107834399 
040 |a ABG001  |b cze  |d ABA001  |e rda 
041 1 |a cze  |h eng 
072 7 |a 821.111-3  |x Anglická próza, anglicky psaná  |2 Konspekt 
072 7 |a 821-93  |x Literatura pro děti a mládež (beletrie)  |2 Konspekt 
080 |a 821.111(94)-31  |2 MRF 
080 |a 821-93  |2 MRF 
080 |a (0:82-312.9)  |2 MRF 
100 1 |a Flanagan, John  |q (John Anthony),  |d 1944-2026  |7 xx0081982  |4 aut 
240 1 0 |a Duel at Araluen.  |l Česky 
245 1 0 |a Hraničářův učeň.  |n Kniha čtrnáctá,  |p Souboj na Araluenu /  |c John Flanagan ; z anglického originálu Ranger's apprentice ... Duel at Araluen přeložila Eva Dejmková 
246 3 0 |a Souboj na Araluenu 
250 |a První vydání 
264 1 |a V Praze :  |b Egmont,  |c 2019 
300 |a 293 stran ;  |c 21 cm 
336 |a text  |b txt  |2 rdacontent 
337 |a bez média  |b n  |2 rdamedia 
338 |a svazek  |b nc  |2 rdacarrier 
490 1 |a Fantasy 
520 2 |a Další kniha fantasy série o hraničářském učni a jeho přátelích.  |b Vojáci klanu Rudé lišky se pod vedením Dimona zmocnili hradu Araluenu. V jižní věži hradu se stále jejich útokům brání princezna Kasandra a král Duncan. Kasandřin manžel, sir Horác, a hraničář Gilan jsou uvězněni v prastaré pevnosti na severu země. Jedinou nadějí na záchranu je Willova hraničářská učeňka Maddie. O pomoc požádá Skandijce - bratrstvo Volavky. Podaří se jim Horáce a Gilana osvobodit včas? Kdo bude vládnout Araluenu? 
521 8 |a Pro čtenáře od 10 let 
655 7 |a australské romány  |7 fd131842  |2 czenas 
655 7 |a fantasy romány  |7 fd184199  |2 czenas 
655 7 |a publikace pro mládež  |7 fd133157  |2 czenas 
655 9 |a Australian fiction  |2 eczenas 
655 9 |a fantasy novels  |2 eczenas 
655 9 |a juvenile literature  |2 eczenas 
700 1 |a Dejmková, Eva  |7 xx0111678  |4 trl 
765 1 |t Ranger's apprentice 
787 0 8 |i Z cyklu:  |t Hraničářův učeň  |g 14 
830 0 |a Fantasy (Egmont) 
900 |a ABA001  |b 21 
928 9 |a Albatros Media - Egmont 
044 |a xr 
910 |a RBIT002 
998 |d 184752  |a https://core.palmknihy.cz/api/books/184752/cover?pqi192  |b https://core.palmknihy.cz/api/books/184752/cover/400?pqi192  |c https://core.palmknihy.cz/api/books/184752/cover/50?pqi192  |e 2028-08-10  |g 296  |i 9788025245934  |j https://core.palmknihy.cz/api/books/184752/preview.epub  |k https://core.palmknihy.cz/api/books/184752/preview.pdf  |l   |q 49  |r 1  |s https://www.palmknihy.cz/kniha/184752  |t ebook  |y 2019  |z 0  |v Hraničářův učeň  |w 14 
999 |d 311041